LEADER 01029nam a2200265 i 4500 001 000000113815 003 CaOOAMICUS 005 20090812000000.0 008 090812s2002 fr u000 u fre u 013 $a86501 020 $a2-204-06919-1 040 $aSeMil$bita 100 1 $aWackenheim, Charles.$0(OLS)http://semarc/name/16332 245 10$aQuand Dieu se tait /$cCharles Wackenheim. 260 $aParis :$bLes Éditions du Cerf,$c2002. 300 $a190 p. ;$c22 cm. 650 4$aDio - Teologia.$0(OLS)http://semarc/subject/1408 650 4$aDio - Silenzio.$0(OLS)http://semarc/subject/8871 650 4$aDio - Conoscibilità.$0(OLS)http://semarc/subject/1185 850 $aSeMil 852 $aSeMil$W1$xVenegono$y1$m2B II 166$j69468$B69468$CSeMilBibl$Z2$F74848 $81 961 $aAcquisto: SODIS 996 $6020$a2-204-06919-1$9(OLS)http://semarc/number/96948 996 $6245$aQuand Dieu se tait$9(OLS)http://semarc/title/166256 996 $6260$aParis :$bLes Éditions du Cerf$9(OLS)http://semarc/publisher/29611 LEADER 01109nam a2200229 i 4500 001 000000010164 003 CaOOAMICUS 005 20231107110208.0 008 180830s1987 it u000 u ita u 040 $aSeMil$bita 100 1 $aMennonna, Antonio Rosario <1906- >.$0(OLS)http://semarc/name/4960 245 12$aI dialetti gallitalici della Lucania /$cAntonio Rosario Mennonna. 260 $aGalatina (Le) :$bCongedo,$c1987. 300 $a2 v. ;$c24 cm. 650 4$aDialetti italiani storici.$0(OLS)http://semarc/subject/54683 650 4$aLucania .$0(OLS)http://semarc/subject/25414 650 4$aDialetti gallo-italici.$0(OLS)http://semarc/subject/54680 774 0 $aMennonna, Antonio Rosario <1906- >$tFonologia, morfologia, filologia, antologia.$z88-7786-332-3$gVolume1$w()120225 774 0 $aMennonna, Antonio Rosario <1906- >$tVocabolario.$z88-7786-333-1$gVolume2$w()139180 996 $6245$aI dialetti gallitalici della Lucania$9(OLS)http://semarc/title/13432 996 $6260$aGalatina (Le) :$bCongedo$9(OLS)http://semarc/publisher/30413